Arte publico y espacio politico (Record no. 178)
[ view plain ]
| 000 -LEADER | |
|---|---|
| campo de control de longitud fija | 00676 a2200145 4500 |
| 020 ## - NÚMERO INTERNACIONAL ESTÁNDAR DEL LIBRO | |
| Número Internacional Estándar del Libro | 8446014610 |
| 082 ## - NÚMERO DE LA CLASIFICACIÓN DECIMAL DEWEY | |
| Número de clasificación | 701 |
| Número de ítem | D946a |
| 100 ## - ENTRADA PRINCIPAL--NOMBRE DE PERSONA | |
| Nombre de persona | Duque, Felix |
| 9 (RLIN) | 850 |
| 245 ## - MENCIÓN DEL TÍTULO | |
| Título | Arte publico y espacio politico |
| 260 ## - PUBLICACIÓN, DISTRIBUCIÓN, ETC. | |
| Lugar de publicación, distribución, etc. | Espaą |
| Nombre del editor, distribuidor, etc. | Ediciones Akal |
| Fecha de publicación, distribución, etc. | 2001 |
| 300 ## - DESCRIPCIÓN FÍSICA | |
| Extensión | 174 p |
| Otras características físicas | ill (col) |
| Dimensiones | 24 cm |
| 505 ## - NOTA DE CONTENIDO CON FORMATO | |
| Título | Agradecimientos |
| -- | Capitulo 1. Controversia con Heidegger: El Arte Publico y el (Espacio) Politico |
| -- | Capitulo 2. La tecnica como productora del mundo |
| -- | Capitulo 3. El arte y el nacimiento del publico |
| -- | Capitulo 4. El Arte Publico y la herida de la tierra |
| -- | Bibliografia |
| -- | Indice de ilustraciones |
| 650 ## - PUNTO DE ACCESO ADICIONAL DE MATERIA--TÉRMINO DE MATERIA | |
| Término de materia o nombre geográfico como elemento de entrada | estetica |
| Subdivisión general | arte |
| -- | arte publico |
| -- | arte y estado |
| 9 (RLIN) | 851 |
| 700 ## - ENTRADA AGREGADA--NOMBRE PERSONAL | |
| Nombre de persona | Felix Duque |
| 9 (RLIN) | 852 |
| Estatus retirado | Estado de pérdida | Fuente del sistema de clasificación o colocación | Estado de daño | No para préstamo | Biblioteca de origen | Biblioteca actual | Ubicación en estantería | Fecha de adquisición | Total de préstamos | Signatura topográfica completa | Código de barras | Visto por última vez | Precio de reemplazo | Tipo de ítem Koha |
|---|---|---|---|---|---|---|---|---|---|---|---|---|---|---|
| Clasificación Decimal Dewey | Biblioteca LadoV | Biblioteca LadoV | 26/05/2014 | 701 D946a | 000129 | 26/05/2014 | 26/05/2014 | Material 01 |
